00657cam a22001577a 4500008004000000082001400040100002700054245011300081260004100194300001000235500002500245650006400270650005900334999001900393952008700412180718b1967 xxu||||| |||| 00| 0 eng d aA99 M883d aSubramaniam, Saminatha aDr. A. Ramaswami Mudaliar and Dr. A. Lakshmanaswami Mudaliar: 81st birthdaycEdited by Saminatha Subramaniam aMadrasbPresentation Committeec1967 a597p. aCommemoration Volume aMudaliar, Arcot Lakshmanaswami, Sir, 1887-1974 -- Biography aMudaliar, Arcot Ramaswami, Sir, 1887-1976 -- Biography c502742d502742 00104070aIIPAbIIPAd2018-08-04oA99 M883dpGR18947r2018-08-04w2018-08-04yGR